Catálogo
 En Linea

Estrategía, competitividad e informática / (Registro nro. 11324)

Detalles MARC
000 -CABECERA
campo de control de longitud fija 02480cam a2200301 a 4500
001 - NÚMERO DE CONTROL
campo de control 000011631
005 - FECHA Y HORA DE LA ÚLTIMA TRANSACCIÓN
campo de control 20200929162517.0
008 - DATOS DE LONGITUD FIJA--INFORMACIÓN GENERAL
campo de control de longitud fija 000720s1997 ck a b 101 0 spa d
020 ## - NÚMERO INTERNACIONAL ESTÁNDAR DEL LIBRO
Número Internacional Estándar del Libro 9589057705
035 ## - NÚMERO DE CONTROL DEL SISTEMA
Número de control de sistema (OCoLC)ocm46841218
040 ## - FUENTE DE LA CATALOGACIÓN
Centro catalogador/agencia de origen DO-SdBNP
Centro/agencia transcriptor PBR
Centro/agencia modificador DLC
042 ## - CÓDIGO DE AUTENTICACIÓN
Código de autenticación lccopycat
082 ## - NÚMERO DE LA CLASIFICACIÓN DECIMAL DEWEY
Número de clasificación 658.4012
Número de documento/Ítem E82
049 ## - FONDOS LOCALES (OCLC)
Fondos de biblioteca BNGR
245 00 - MENCIÓN DE TÍTULO
Título Estrategía, competitividad e informática /
Mención de responsabilidad, etc. Álvaro H. Galvis Panqueva, Ángela Ma. Espinosa Salazar, compiladores.
260 ## - PUBLICACIÓN, DISTRIBUCIÓN, ETC.
Lugar de publicación, distribución, etc. Santafé de Bogota :
Nombre del editor, distribuidor, etc. Ediciones Uniandes,
Fecha de publicación, distribución, etc. 1997.
300 ## - DESCRIPCIÓN FÍSICA
Extensión xvi, 384 p. :
Otras características físicas il. ;
Dimensiones 24 cm. +
Material acompañante/anejo 1 floppy disk (3 1/2 in.)
504 ## - NOTA DE BIBLIOGRAFÍA, ETC.
Nota de bibliografía, etc. Incluye bibliografía e índice.
505 20 - NOTA DE CONTENIDO CON FORMATO
Título Papel de la tecnología de información en la transformación latinoamericana de los anos 90 /
Mención de responsabilidad Marilyn Ehrhardt --
Título La innovación tecnológica, instrumento preestratégico: un modelo sociotécnico /
Mención de responsabilidad Fernando Sáez Vacas --
Título Gerencia estratégica: punto de vista cibernético /
Mención de responsabilidad Raul Espejo y Markus Schwaninger --
Título Mas allá de las modas administrativas: el pensamiento sistémico para los administradores / Mike C. Jackson --
-- La reingenieria de procesos y las disciplinas de las organizaciones que aprenden /
Mención de responsabilidad Gustavo Estrada --
Título Reingeniería en Colombia: motivaciones y problemas /
Mención de responsabilidad Raúl Sanabria y Humberto Serna Gómez.
505 20 - NOTA DE CONTENIDO CON FORMATO
Título El sentido común y los procesos de pensamiento /
Mención de responsabilidad Alejandro Fernández R. --
Título Planeación de sistemas estratégicos de información: una visión cibernética /
Mención de responsabilidad Ángela Espinosa --
Título Tranformación de las organizaciones humanas con tecnología: una propuesta conceptual y metodológica /
Mención de responsabilidad Pierre Jacob --
Título La transferencia de tecnología informática: una forma de aprendizaje organizacional /
Mención de responsabilidad Alberto García Arango --
Título La tecnología de la informacion y su relación con las transformaciones de los modelos organizacionales, gerenciales y de gestión humana /
Mención de responsabilidad Luis H. Franco M.
505 20 - NOTA DE CONTENIDO CON FORMATO
Título El Intercambio Electrónico de Documentos-EDI- una tecnología que revoluciona las relaciones comerciales /
Mención de responsabilidad Martha I. Giraldo Jaramillo --
Título MRP II: una evaluación crtíca del proceso /
Mención de responsabilidad Fernando Hurtado G.
650 #4 - PUNTO DE ACCESO ADICIONAL DE MATERIA--TÉRMINO DE MATERIA
Término de materia o nombre geográfico como elemento de entrada Planificación estratégica
Subdivisión de forma CONGRESOS
9 (RLIN) 27543
650 #4 - PUNTO DE ACCESO ADICIONAL DE MATERIA--TÉRMINO DE MATERIA
Término de materia o nombre geográfico como elemento de entrada Cambio organizacional
Subdivisión de forma CONGRESOS
9 (RLIN) 27544
650 #4 - PUNTO DE ACCESO ADICIONAL DE MATERIA--TÉRMINO DE MATERIA
Término de materia o nombre geográfico como elemento de entrada Aprendizaje organizacional
Subdivisión de forma CONGRESOS
9 (RLIN) 27545
700 1# - PUNTO DE ACCESO ADICIONAL--NOMBRE DE PERSONA
Nombre de persona Galvis Panqueva, Álvaro.
Término indicativo de función/relación comp.
9 (RLIN) 27546
700 1# - PUNTO DE ACCESO ADICIONAL--NOMBRE DE PERSONA
Nombre de persona Espinosa Salazar, Ángela Ma.
Término indicativo de función/relación comp.
Forma completa/desarrollada del nombre (Angela María)
9 (RLIN) 27547
910 ## - DATOS DE OPCIÓN DEL USUARIO (OCLC)
Datos de opción del usuario Catalogación por copia / LC
Existencias
Estado de retiro Estado de pérdida Restricciones de uso No para préstamo Código de colección Localización permanente Ubicación/localización actual Ubicación en estantería Fecha de adquisición Número de inventario Total de préstamos Signatura topográfica completa Código de barras Fecha visto por última vez Precio válido a partir de Tipo de ítem Koha
    Préstamo interno   Monografías: Libros y Folletos General General En catalogación 21.10.2009 LF1   658.4012 E82 11631-10 25.06.2020 25.06.2020 Préstamo interno

Con tecnología Koha